| 000 | 00552nab a2200193 4500 | ||
|---|---|---|---|
| 001 | 244442 | ||
| 003 | OSt | ||
| 005 | 20250108100534.0 | ||
| 007 | tu | ||
| 008 | 200917s2020||||||| | ||
| 040 |
_aDE-2950 _cDE-2950 |
||
| 245 | 0 | 0 |
_aViadrina ist erste Hochschule Brandenburgs in zwei globalen Hochschulverbänden _cred |
| 264 | _c2024 | ||
| 653 | _aFrankfurt (Oder) | ||
| 653 | _aEuropauniversität Viadrina | ||
| 653 | _aHochschulverbände | ||
| 773 | 0 |
_g36. Jahrgang (2025) Nr. 2 vom 3.1.2025, S. 15 mit Foto _tMärkische Oderzeitung |
|
| 942 |
_2z _cA |
||
| 999 |
_c373540 _d373540 |
||